5HLuxD.jpg

KING HENRY VIII SENIOR AND PRIMARY SCHOOL LIBRARY OPAC

Etiquette & espionage / (Record no. 181)

000 -LEADER
fixed length control field 00885pam a2200301 a 4500
001 - CONTROL NUMBER
control field 019466864
003 - CONTROL NUMBER IDENTIFIER
control field UkOxU
005 - DATE AND TIME OF LATEST TRANSACTION
control field 20190731090347.0
008 - FIXED-LENGTH DATA ELEMENTS--GENERAL INFORMATION
fixed length control field 121017s2013 enk j 000 1 eng|d
015 ## - NATIONAL BIBLIOGRAPHY NUMBER
National bibliography number GBB2A7728
Source bnb
020 ## - INTERNATIONAL STANDARD BOOK NUMBER
International Standard Book Number 9781907411588 (pbk.) :
035 ## - SYSTEM CONTROL NUMBER
System control number (Uk)016196037
040 ## - CATALOGING SOURCE
Original cataloging agency StDuBDS
Language of cataloging eng
Transcribing agency StDuBDS
Modifying agency Uk
042 ## - AUTHENTICATION CODE
Authentication code ukblcatcopy
082 04 - DEWEY DECIMAL CLASSIFICATION NUMBER
Classification number FIC CAR
Edition number 23
100 1# - MAIN ENTRY--PERSONAL NAME
Personal name Carriger, Gail.
Relator term author
245 10 - TITLE STATEMENT
Title Etiquette & espionage /
Statement of responsibility, etc. Gail Carriger.
260 ## - PUBLICATION, DISTRIBUTION, ETC.
Place of publication, distribution, etc. London :
Name of publisher, distributor, etc. Atom,
Date of publication, distribution, etc. 2013.
300 ## - PHYSICAL DESCRIPTION
Extent 312 pages ;
Dimensions 20 cm.
490 0# - SERIES STATEMENT
Series statement Finishing school ;
Volume/sequential designation 1
500 ## - GENERAL NOTE
General note Formerly CIP.
Institution to which field applies Uk
530 ## - ADDITIONAL PHYSICAL FORM AVAILABLE NOTE
Additional physical form available note Also issued online.
650 ## - SUBJECT ADDED ENTRY--TOPICAL TERM
Topical term or geographic name entry element Young Adult Fiction
Form subdivision Fantasy
General subdivision Historical
650 ## - SUBJECT ADDED ENTRY--TOPICAL TERM
Topical term or geographic name entry element Young Adult Fiction
Form subdivision Paranormal, Occult & Supernatural
655 #0 - INDEX TERM--GENRE/FORM
Genre/form data or focus term Young adult fiction.
942 ## - ADDED ENTRY ELEMENTS (KOHA)
Source of classification or shelving scheme
Koha item type Books - Fiction
Holdings
Withdrawn status Lost status Source of classification or shelving scheme Damaged status Not for loan Collection code Permanent Location Current Location Shelving location Date acquired Full call number Barcode Date last seen Price effective from Koha item type
          Fiction KH8 Senior School Library KH8 Senior School Library Fiction 2019-07-31 FIC CAR 3KHSL000100109 2024-07-16 2019-07-31 Books - Fiction

Powered By KH8 IT Dept